Quizzes
Events
Quiz Creation
Community
Videos
Private Events
Remove Ads
Sign In
Join for FREE
Feedback
Dark Mode
Quiz Categories
Sports
Geography
Music
Movies
Television
Just For Fun
Miscellaneous
History
Literature
Language
Science
Gaming
Entertainment
Religion
Holiday
For Kids
Quiz Lab
Recent
Popular Today
Quiz Kudos Today
Editor Picks
Curator Picks
Quizzes by...
Day
Popularity
Type
Ratings
Length
Year
Community
Subscriptions
Recent Discussions
Orange Saloon
Badges
Playlists
Quests
Create
Leaderboards
Showdown
Live 5
Trivia Bingo
Activity
Puzzle Library
Sporcle Events
Private Events
Virtual Trivia
Globe League
Become a Host
Pub Owners
SporcleCon
Opinionation
Our Games
Videos
Blog
Mobile Apps
Partnerships
Remove Ads and Go Orange
Feedback
Sports
Athletes
MLB
NBA
NHL
NFL
Soccer
Sports Teams
WWE
NCAA
Football
Premier League
Basketball
Baseball
Hockey
Golf
Tennis
Cricket
Rugby
Auto Racing
Olympics
World Cup
Sports
Athletes
MLB
NBA
NHL
NFL
Soccer
Sports Teams
WWE
NCAA
Football
Premier League
Basketball
Baseball
Hockey
Golf
Tennis
Cricket
Rugby
Auto Racing
Olympics
World Cup
Random Quiz
Search Sporcle
×
Quiz Lab
Quiz Lab
Sports
Goals Scored
Type in answers that appear in a list
Type in answers that appear in a list
Classic
Best Score? Go Orange.
Euro 2012 Goalscorers Stats
Can you name the goalscorers of Euro 2012?
By
efc
10m
76 Questions
279 Plays
279 Plays
279 Plays
Comments
Comments
Give Quiz Kudos
Give Quiz Kudos
-
- Ratings
hide this ad
More Info
Replay
Link that replays current quiz
Next Quiz
Link to next quiz in quiz playlist
You Got
0%
They Got
Avg Score
55%
Avg Friend Score
Upgrade to see
Score Distribution
Jump to the score distribution portion of the page
Score
0/76
Timer
10:00
0
Plays Today
For
Player
% Correct
Portugal
Cristiano Ronaldo
92.8%
Portugal
Cristiano Ronaldo
92.8%
Portugal
Cristiano Ronaldo
92.5%
Spain
Fernando Torres
91.6%
Spain
Fernando Torres
91.6%
Sweden
Zlatan Ibrahimovic
90.7%
Poland
Robert Lewandowski
90.7%
Sweden
Zlatan Ibrahimovic
90%
Spain
Fernado Torres
89.7%
Germany
Mario Gomez
89.6%
Germany
Mario Gomez
89.1%
Germany
Mario Gomez
89.1%
Italy
Mario Balotelli
88.5%
Italy
Mario Balotelli
88.5%
Italy
Mario Balotelli
88.4%
Netherlands
Robin Van Persie
83.1%
Spain
Cesc Fàbregas
82.9%
Spain
Cesc Fàbregas
81.9%
Ukraine
Andriy Shevchenko
81.5%
Ukraine
Andriy Shevchenko
81.5%
England
Wayne Rooney
81.4%
Spain
David Silva
81%
Italy
Andrea Pirlo
79.6%
Spain
David Silva
79.4%
Croatia
Mario Mandžukić
77%
England
Danny Welbeck
76.8%
Denmark
Nicklas Bendtner
76.1%
Denmark
Nicklas Bendtner
76.1%
England
Theo Walcott
75.9%
France
Samir Nasri
75.5%
Germany
Mesut Özil
75.2%
Croatia
Mario Mandžukić
75.1%
Croatia
Mario Mandžukić
75.1%
Spain
Jordi Alba
74.2%
Russia
Alan Dzagoev
73.8%
Russia
Alan Dzagoev
73.6%
Russia
Alan Dzagoev
73.6%
Spain
Juan Mata
73.5%
For
Player
% Correct
Germany
Philipp Lahm
73.4%
Germany
Miroslav Klose
72.8%
Spain
Xabi Alonso
72.5%
Spain
Xabi Alonso
72.5%
Italy
Antonio Di Natale
71.6%
Germany
Lukas Podolski
70%
England
Andy Carroll
69.5%
Netherlands
Rafael van der Vaart
68.6%
England
Joleon Lescott
67.5%
Germany
Marco Reus
67.4%
Greece
Georgios Samaras
66.8%
Russia
Roman Pavlyuchenko
66.7%
Germany
Sami Khedira
66.3%
Portugal
Pepe
65.5%
Sweden
Olof Mellberg
63.6%
Greece
Giorgos Karagounis
63.3%
Greece
Dimitris Salpingidis
63%
Portugal
Hélder Postiga
62.2%
Denmark
Michael Krohn-Dehli
61.2%
Greece
Dimitris Salpingidis
61%
Spain
Jesús Navas
60.3%
Denmark
Michael Krohn-Dehli
59.4%
Portugal
Silvestre Varela
59.2%
Ireland
Sean St Ledger
57.8%
Croatia
Nikica Jelavić
57.8%
Czech Republic
Petr Jiráček
57.5%
Sweden
Glen Johnson (OG)
56.8%
Czech Republic
Petr Jiráček
55.3%
Sweden
Sebastian Larsson
55.2%
Greece
Theofanis Gekas
54.9%
Czech Republic
Václav Pilař
54.1%
Czech Republic
Václav Pilař
53.8%
France
Jérémy Ménez
53.6%
Germany
Lars Bender
49.8%
Russia
Roman Shirokov
44%
Poland
Jakub Błaszczykowski
39.3%
France
Yohan Cabaye
28.6%
Italy
Antonio Cassano
25.6%
Quiz Playlist
Details
Report
Send in Message
Add To Playlist
More Info:
Surnames accept as answer. Goals listed in chronological order.
Classic:
Type in answers that appear in a list
Quiz Source
Last Updated: Feb 16, 2017
Quiz Scoreboard
CHALLENGE
Sign Up to Join the Scoreboard
Show All
Scores
Hide
Comments
May contain spoilers
Recently Published
1-10 Letter E Words III
by El_Dandy
Language
2m
One Thing in Common: World Cities II
by knightlancer
Geography
7m
Popular People in 1961
by mucciniale
History
6m
More to Explore
Quiz From the Vault
Featured Blog Post
Where Did the Easter Bunny Come From?
hide this ad
You Might Also Like...
Tags
2012
England
Euro 2012
Goal Scorers
Goals Scored
Poland
UEFA
UEFA Competitions
UEFA Euro
Ukraine
Today's Top Quizzes in Sports
Browse Sports
hide this ad
Today's Top Quizzes in Goals Scored
Browse Goals Scored
Top Contributed Quizzes in Sports
1
Les meilleurs buteurs des matchs entre le PSG et l’OM
2
Les entraîneurs de l'OM et du PSG au 21e siècle
3
2022 World Cup Stars
4
FIFA Club World Cup Champions
5
Name the Premier League winners with different clubs
6
La finale Lions - Afrique du Sud 2021
7
Criteria MLB: Left Handed Sluggers
8
Players with Multiple 50 Home Run Seasons
9
MLB Players with Two .350 Batting Average Seasons
10
MLB Hall of Famer by Rings
Explore More
Trending Topics
Crossword
Anime
Marvel
Disney
Harry Potter
Kpop
NBA
Soccer
Song
Puzzle
WWE
The Office
Country
NFL
Pokémon
hide this ad
More By:
efc
Quiz
Plays
Rating
Category
Featured
Created
Wayne Rooney's Goals
8,577
4.40
Sports
Jul 13, 2010
5 Premier League Hattricks
7,836
3.30
Sports
Jun 7, 2012
Man United Squad 2010/11
4,989
4.27
Sports
Jul 6, 2010
Liverpool Squad 2010/11
4,559
4.11
Sports
Aug 5, 2010
Man Utd 2000-2009
4,237
4.44
Sports
Aug 1, 2010
Go to Creator's Profile
Score Distribution
Quiz Creator Spotlight
efc
Follow
Send a Message
Quizzes Created
-
Created Quiz Play Count
-
More By This Creator
Popular Quizzes Today
1
Find the US States - No Outlines Minefield
2
The Countries of the World
3
Popular People in 1961
4
Find the Countries of Europe - No Outlines Minefield
5
1-10 Letter E Words III
6
Find the US States
7
One Thing in Common: World Cities II
8
US States
More Sports Quizzes
FBS Schools Not Named for a Geographic Location
Editor's Pick
Trending Quizzes
1-10 Letter F Words
1-10 Letter G Words
Risky Map Clicking: Next State Alphabetically
1-10 Letter F Words II
Risky Map Clicking: States by Unique Starting Letters
Recently Updated
Leaping Animals
pecheneg
Reality TV Shows (A-Z)
bhenderson79
Rickey Henderson's Hall of Fame Teammates
pecheneg
Champions League XIs: Arsenal
pecheneg
Quick Pick: Celebrities in WWE's Hall of Fame
aduchscher
A-Z Keypad Blitz II
pecheneg
Multiple Oscar Actors
pecheneg
Mystery Phrase Blitz: Oscar 'Best Actors'
pecheneg
F. Scott Fitzgerald Novels
LTH
Pick 3 Villains
ddd62291
Trending Topics
Disney
NBA
Anime
Marvel
Kpop
Harry Potter
Crossword
Song
NFL
The Office
Pokémon
Country
WWE
Puzzle
Soccer
Your Account Isn't Verified!
In order to create a playlist on Sporcle, you need to verify the email address you used during registration. Go to your
Sporcle Settings
to finish the process.
Report this User
Report this user for behavior that violates our
Community Guidelines
.
Details:
Send Report
Go to the Sporcle.com Mobile Site →
Comments